[Event "LGA Premium Cup"]
[Site "schach.lga.de"]
[Date "2004.09.12"]
[Round "5"]
[White "Stadler, Simon"]
[Black "GM Prusikin, Michael"]
[Result "0-1"]
[WhiteElo "2179"]
[BlackElo "2517"]
[PlyCount "65"]
[EventDate "2004.09.12"]
[SourceDate "2004.09.22"]

1. d4 Nf6 2. c4 c5 3. d5 b5 4. cxb5 a6 5. f3 e6 6. e4 exd5 7. e5 Ng8 8. Qxd5
Ra7 9. Bf4 Ne7 10. Qd2 Ng6 11. Bg3 h5 12. Bc4 axb5 13. Bxf7+ Kxf7 14. e6+ Kg8
15. Bxb8 Rb7 16. Bg3 d5 17. Ne2 h4 18. Bf2 h3 19. g3 Ne5 20. Qe3 Nc4 21. Qc1 d4
22. Nd2 Bxe6 23. Nf4 Bf7 24. O-O Rh6 25. Re1 Nxd2 26. Qxd2 Qf6 27. Qe2 Re7 28.
Qd3 Rxe1+ 29. Rxe1 g5 30. Ne2 Bg6 31. Qa3 d3 32. Nf4 gxf4 33. Bxc5 0-1

[Event "LGA Premium Cup"]
[Site "schach.lga.de"]
[Date "2004.09.12"]
[Round "5"]
[White "IM Dobosz, Henryk"]
[Black "Koch, Moritz"]
[Result "1/2-1/2"]
[WhiteElo "2453"]
[BlackElo "2244"]
[PlyCount "120"]
[EventDate "2004.09.12"]
[SourceDate "2004.09.22"]

1. d4 Nf6 2. Nf3 g6 3. c4 Bg7 4. Nc3 d5 5. Bg5 Ne4 6. cxd5 Nxg5 7. Nxg5 e6 8.
Nf3 exd5 9. b4 O-O 10. e3 Be6 11. Bd3 Nd7 12. O-O c6 13. Qc2 a6 14. a4 Qe7 15.
b5 axb5 16. axb5 Rfc8 17. Rxa8 Rxa8 18. bxc6 bxc6 19. Rc1 c5 20. dxc5 Qxc5 21.
Qd2 Qa5 22. Bf1 Nc5 23. Nxd5 Qxd2 24. Nxd2 Bxd5 25. Rxc5 Rd8 26. Rc2 Be6 27. g3
Rc8 28. Rxc8+ Bxc8 29. Bc4 Bb7 30. Kf1 Kf8 31. Ke2 Ke7 32. Kd3 h5 33. h4 Be5
34. Nb3 Bc7 35. Nc5 Bc6 36. Ke2 Bd6 37. Nd3 Be4 38. Nf4 Bc6 39. Bd3 Kf6 40. Bc4
Ke7 41. Nh3 Bd7 42. Ng5 f6 43. Ne4 Bc7 44. Nc5 Bc8 45. Kf1 Bb6 46. Nd3 Kf8 47.
Nf4 Kg7 48. Bd3 f5 49. e4 Bc7 50. Nd5 fxe4 51. Bxe4 Bd6 52. Ne3 Kf6 53. Ke2 g5
54. Ng2 Ba6+ 55. Bd3 Bb7 56. hxg5+ Kxg5 57. Nh4 Bc8 58. Kf1 Bh3+ 59. Kg1 Be6
60. Be4 Be7 {und nach weiteren, nicht mehr rekonstruierbaren Zügen:} 1/2-1/2

[Event "LGA Premium Cup"]
[Site "schach.lga.de"]
[Date "2004.09.12"]
[Round "5"]
[White "Trapp, Robert"]
[Black "FM Seyb, Dieter"]
[Result "1/2-1/2"]
[WhiteElo "2006"]
[BlackElo "2285"]
[PlyCount "23"]
[EventDate "2004.09.12"]
[SourceDate "2004.09.22"]

1. f4 g6 2. Nf3 Bg7 3. d4 d5 4. e3 Nh6 5. Bd3 O-O 6. O-O b6 7. e4 Ba6 8. e5
Bxd3 9. Qxd3 Qc8 10. Nc3 e6 11. h3 c6 12. g4 1/2-1/2

[Event "LGA Premium Cup"]
[Site "schach.lga.de"]
[Date "2004.09.12"]
[Round "5"]
[White "FM Zesch, Ludwig"]
[Black "FM Hirn, Oskar"]
[Result "1-0"]
[WhiteElo "2308"]
[BlackElo "2202"]
[PlyCount "79"]
[EventDate "2004.09.12"]
[SourceDate "2004.09.22"]

1. e4 e5 2. Nf3 d6 3. Bc4 c6 4. d4 Nd7 5. a4 Ngf6 6. Nc3 Be7 7. O-O O-O 8. Ba2
Rb8 9. Qe2 Qc7 10. Rd1 b6 11. Bc4 Qb7 12. d5 cxd5 13. Nxd5 Nxd5 14. Bxd5 Qc7
15. Ra3 a5 16. Rc3 Nc5 17. Be3 Qd8 18. Bxc5 bxc5 19. Nd2 Rb4 20. b3 Rd4 21. h3
Kh8 22. Rf3 Rxd5 23. exd5 f5 24. c4 e4 25. Rc3 Bf6 26. Rcc1 Re8 27. f4 exf3 28.
Qxf3 Bd4+ 29. Kh1 Re3 30. Qh5 g6 31. Qh6 Qe7 32. Nf3 Bg7 33. Qg5 Bf6 34. Qh6
Bg7 35. Qf4 Re4 36. Re1 Re5 37. Nxe5 dxe5 38. Rxe5 Bxe5 39. Re1 Bxf4 40. Rxe7
1-0

[Event "LGA Premium Cup"]
[Site "schach.lga.de"]
[Date "2004.09.12"]
[Round "5"]
[White "Sörgel, Frank"]
[Black "FM Heimrath, Rainer"]
[Result "1/2-1/2"]
[WhiteElo "2138"]
[BlackElo "2293"]
[PlyCount "135"]
[EventDate "2004.09.12"]
[SourceDate "2004.09.22"]

1. g3 e5 2. c4 Nc6 3. Bg2 d6 4. Nc3 Be6 5. d3 Qd7 6. Nd5 Nd8 7. e4 c6 8. Ne3 c5
9. f4 f6 10. f5 Bf7 11. Ne2 Nc6 12. Bd2 g6 13. Bh3 g5 14. a3 h5 15. g4 Nh6 16.
Ng3 hxg4 17. Nxg4 Be7 18. Nxh6 Rxh6 19. Bg4 O-O-O 20. Kf2 Rdh8 21. h3 Bd8 22.
b4 Kb8 23. b5 Ne7 24. a4 Rh4 25. Qf3 Ng8 26. Rag1 Nh6 27. Qd1 Rh7 28. Kf3 Qe8
29. Qf1 Qh8 30. Be1 Ng8 31. Ne2 R4h6 32. Ng3 Ne7 33. Qg2 Nc8 34. a5 Be8 35. Qb2
Rh4 36. Nf1 R4h6 37. Rh2 Bh5 38. Rgh1 Ne7 39. Bc3 Ng8 40. Be1 Bf7 41. a6 Bh5
42. axb7 Rxb7 43. Qa2 Ne7 44. Ne3 Nc8 45. h4 gxh4 46. Rxh4 Rbh7 47. Bxh5 Rxh5
48. Qf2 Ba5 49. Rxh5 Rxh5 50. Rxh5 Qxh5+ 51. Kg3 Qg5+ 52. Kf3 Qh5+ 53. Kg3 Bxe1
54. Qxe1 Nb6 55. Qd1 Qg5+ 56. Kf2 Qh4+ 57. Kf3 Qh3+ 58. Kf2 Qh2+ 59. Ng2 Nd7
60. Qg4 Qh6 61. Ne3 Qh2+ 62. Qg2 Qh5 63. Qg4 Qh2+ 64. Qg2 Qf4+ 65. Ke2 Qh6 66.
Qg8+ Kb7 67. Qg2 Qh5+ 68. Qg4 1/2-1/2

[Event "LGA Premium Cup"]
[Site "schach.lga.de"]
[Date "2004.09.12"]
[Round "5"]
[White "FM Eppinger, Georg"]
[Black "Lowitz, Torsten"]
[Result "1/2-1/2"]
[WhiteElo "2290"]
[BlackElo "2134"]
[PlyCount "29"]
[EventDate "2004.09.12"]
[SourceDate "2004.09.22"]

1. e4 c5 2. c3 g6 3. d4 cxd4 4. cxd4 d5 5. exd5 Nf6 6. Bb5+ Nbd7 7. Nc3 Bg7 8.
Nf3 O-O 9. O-O Nb6 10. Qb3 Nbxd5 11. Nxd5 Nxd5 12. h3 Nb6 13. Bg5 Be6 14. Qa3
Nd5 15. Rfe1 1/2-1/2

[Event "LGA Premium Cup"]
[Site "schach.lga.de"]
[Date "2004.09.12"]
[Round "5"]
[White "Kordts, Wolfgang"]
[Black "Schneider, David"]
[Result "1/2-1/2"]
[WhiteElo "2266"]
[BlackElo "2092"]
[PlyCount "68"]
[EventDate "2004.09.12"]
[SourceDate "2004.09.22"]

1. d4 g6 2. c4 Bg7 3. Nc3 d6 4. e4 e5 5. Nf3 Nc6 6. Bg5 f6 7. Be3 Nh6 8. h3 Nf7
9. c5 O-O 10. Bc4 Na5 11. Be2 Nc6 12. Bc4 Na5 13. Be2 Nc6 14. cxd6 Nxd6 15.
dxe5 fxe5 16. O-O Kh8 17. Qd2 Be6 18. Rfd1 Qd7 19. Nb5 Rfd8 20. Nxd6 Qxd6 21.
Qxd6 cxd6 22. Rd2 d5 23. exd5 Rxd5 24. Bc4 Rxd2 25. Nxd2 Bxc4 26. Nxc4 Rd8 27.
Rc1 Kg8 28. Kf1 Kf7 29. Ke2 Ke6 30. Rd1 Rxd1 31. Kxd1 Kd5 32. b3 b5 33. Nd2 a6
34. f3 Nd4 1/2-1/2

[Event "LGA Premium Cup"]
[Site "schach.lga.de"]
[Date "2004.09.12"]
[Round "5"]
[White "Schlötterer, Hermann"]
[Black "Hepting, Heinrich"]
[Result "1-0"]
[WhiteElo "2049"]
[BlackElo "2206"]
[PlyCount "59"]
[EventDate "2004.09.12"]
[SourceDate "2004.09.22"]

1. d4 Nf6 2. g3 g6 3. Bg2 Bg7 4. e4 d6 5. Nc3 O-O 6. h3 Nc6 7. Nge2 e5 8. Be3
a6 9. O-O exd4 10. Nxd4 Ne5 11. b3 Re8 12. g4 c5 13. Nde2 h5 14. g5 Nh7 15. f4
Nc6 16. Qd2 f6 17. Rad1 fxg5 18. fxg5 Be5 19. Nf4 Qxg5 20. Nce2 Nd4 21. Nxd4
cxd4 22. Bxd4 Nf6 23. Be3 Kh8 24. Ne2 Bh2+ 25. Kh1 Qb5 26. Rxf6 Be5 27. Rf7 Kg8
28. Rc7 d5 29. a4 Qxe2 30. Qxe2 1-0

[Event "LGA Premium Cup"]
[Site "schach.lga.de"]
[Date "2004.09.12"]
[Round "5"]
[White "Röber, Jürgen"]
[Black "Brem, Stephan"]
[Result "1-0"]
[WhiteElo "2047"]
[BlackElo "2158"]
[PlyCount "43"]
[EventDate "2004.09.12"]
[SourceDate "2004.09.22"]

1. e4 c5 2. c3 e6 3. d4 d5 4. exd5 exd5 5. Nf3 c4 6. g3 Bd6 7. Bg2 Ne7 8. O-O
Bg4 9. Na3 a6 10. Nc2 Nbc6 11. Ne3 Bh5 12. Re1 O-O 13. b3 b5 14. bxc4 bxc4 15.
Qa4 Qd7 16. Ba3 Bg6 17. Ng5 Bxa3 18. Qxa3 Bd3 19. Nh3 Bf5 20. Nxf5 Nxf5 21. Nf4
Rfe8 22. Nxd5 1-0

[Event "LGA Premium Cup"]
[Site "schach.lga.de"]
[Date "2004.09.12"]
[Round "5"]
[White "Monninger, Moritz"]
[Black "Steppuhn, Thomas"]
[Result "1/2-1/2"]
[WhiteElo "2179"]
[BlackElo "2158"]
[PlyCount "87"]
[EventDate "2004.09.12"]
[SourceDate "2004.09.22"]

1. d4 e6 2. g3 c5 3. Nf3 b6 4. d5 d6 5. dxe6 fxe6 6. Bg2 Bb7 7. O-O Nf6 8. c4
Nc6 9. b3 Be7 10. Bb2 Qd7 11. Qc2 e5 12. Nbd2 O-O 13. Ng5 Nb4 14. Qb1 Bxg2 15.
Kxg2 Qg4 16. Ndf3 e4 17. Bxf6 Bxf6 18. Nxe4 Bxa1 19. Neg5 Qf5 20. Qxa1 h6 21.
Nh3 g5 22. Nhg1 Qe4 23. h3 Nc6 24. Rd1 Nd4 25. Rxd4 cxd4 26. Qxd4 Qxd4 27. Nxd4
Rae8 28. Nb5 Rf6 29. a3 a5 30. Nc3 Rf7 31. e4 Ra7 32. Nb5 Rd7 33. f3 Rf8 34.
Ne2 Rc8 35. Ned4 Kh7 36. a4 Rf8 37. Nf5 Rf6 38. Kf2 Kg6 39. Ke3 Rxf5 40. exf5+
Kxf5 41. Nd4+ Ke5 42. Nc6+ Ke6 43. Nd4+ Ke5 44. Nc6+ 1/2-1/2

[Event "LGA Premium Cup"]
[Site "schach.lga.de"]
[Date "2004.09.12"]
[Round "5"]
[White "Weiß, Markus"]
[Black "Sippl, Martin"]
[Result "1/2-1/2"]
[WhiteElo "1838"]
[BlackElo "2098"]
[PlyCount "46"]
[EventDate "2004.09.12"]
[SourceDate "2004.09.26"]

1. d4 Nf6 2. c4 d6 3. Nc3 Nbd7 4. e4 e5 5. d5 g6 6. Bg5 Bg7 7. Qd2 h6 8. Bh4 g5
9. Bg3 Nh5 10. Bd3 a6 11. Nge2 Nf4 12. Bxf4 gxf4 13. f3 Qh4+ 14. g3 fxg3 15.
Nxg3 h5 16. Qf2 Bh6 17. Ke2 Nf8 18. Kd1 Ng6 19. Kc2 Bd7 20. Raf1 Nf4 21. Nce2
Nh3 22. Qe1 Qg5 23. Nc1 b5 1/2-1/2

[Event "LGA Premium Cup"]
[Site "schach.lga.de"]
[Date "2004.09.12"]
[Round "5"]
[White "Corral, Carlos"]
[Black "Rosenberger, Frank"]
[Result "1/2-1/2"]
[WhiteElo "1842"]
[BlackElo "2208"]
[PlyCount "37"]
[EventDate "2004.09.12"]
[SourceDate "2004.09.26"]

1. e4 e6 2. d3 d5 3. Nd2 Nf6 4. Ngf3 b6 5. c3 Be7 6. Be2 O-O 7. O-O c5 8. Re1
Qc7 9. Qc2 Nc6 10. Nf1 a5 11. Ng3 Ba6 12. Bg5 dxe4 13. dxe4 Bxe2 14. Qxe2 Rfd8
15. Red1 h6 16. Bxf6 Bxf6 17. a4 Be5 18. Nf1 g6 19. Ne3 1/2-1/2

[Event "LGA Premium Cup"]
[Site "schach.lga.de"]
[Date "2004.09.12"]
[Round "5"]
[White "Bildt, Thomas"]
[Black "Thürauf, Peter"]
[Result "1/2-1/2"]
[WhiteElo "2086"]
[BlackElo "1999"]
[PlyCount "62"]
[EventDate "2004.09.12"]
[SourceDate "2004.09.26"]

1. e4 c5 2. d4 cxd4 3. c3 dxc3 4. Nxc3 Nc6 5. Bc4 e6 6. Nf3 d6 7. O-O Nf6 8.
Qe2 Be7 9. Rd1 e5 10. h3 O-O 11. Bg5 Be6 12. Rac1 a6 13. a3 Rc8 14. Bxf6 Bxf6
15. Nd5 Bxd5 16. Bxd5 Qb6 17. Rc3 Nd4 18. Nxd4 Rxc3 19. bxc3 exd4 20. cxd4 Bxd4
21. Bxb7 Bxf2+ 22. Qxf2 Qxb7 23. Rxd6 Qxe4 24. Rxa6 Rb8 25. Rb6 Rxb6 26. Qxb6
Qe1+ 27. Kh2 Qe5+ 28. g3 Qe2+ 29. Kg1 Qd1+ 30. Kg2 Qd5+ 31. Kg1 Qd1+ 1/2-1/2

[Event "LGA Premium Cup"]
[Site "schach.lga.de"]
[Date "2004.09.12"]
[Round "5"]
[White "Zeitler, Hans-Jürgen"]
[Black "Seidel, Michael"]
[Result "1/2-1/2"]
[WhiteElo "1870"]
[BlackElo "2085"]
[PlyCount "67"]
[EventDate "2004.09.12"]
[SourceDate "2004.09.26"]

1. d4 Nf6 2. c4 g6 3. Nc3 Bg7 4. e4 d6 5. f3 O-O 6. Be3 e5 7. Nge2 c6 8. Qd2
Qa5 9. d5 a6 10. Nc1 cxd5 11. cxd5 b5 12. Nb3 Qd8 13. Be2 Nh5 14. O-O-O f5 15.
Bg5 Bf6 16. Bxf6 Nxf6 17. Kb1 b4 18. Na4 fxe4 19. Qxb4 exf3 20. Bxf3 a5 21. Qb6
Bf5+ 22. Ka1 Ra6 23. Qxd8 Rxd8 24. Be2 Ra7 25. Bb5 Nbd7 26. Nc3 Nb6 27. Bc6 Ng4
28. Nb5 Rf7 29. Nxa5 Ne3 30. Nb7 Nc2+ 31. Kb1 Nb4+ 32. Ka1 Nc2+ 33. Kb1 Nb4+
34. Ka1 1/2-1/2

[Event "LGA Premium Cup"]
[Site "schach.lga.de"]
[Date "2004.09.12"]
[Round "5"]
[White "Birkmann, Günther"]
[Black "Stürmer, Martin"]
[Result "1-0"]
[WhiteElo "2070"]
[BlackElo "1986"]
[PlyCount "115"]
[EventDate "2004.09.12"]
[SourceDate "2004.09.26"]

1. Nf3 Nf6 2. c4 c5 3. Nc3 Nc6 4. g3 g6 5. d4 cxd4 6. Nxd4 Bg7 7. Bg2 O-O 8.
O-O Nxd4 9. Qxd4 d6 10. Qd3 Rb8 11. b3 Bd7 12. Bb2 a6 13. a4 Bc6 14. e4 Nd7 15.
Qe2 Qb6 16. Ra3 Qb4 17. Na2 Qb6 18. Bxg7 Kxg7 19. Qb2+ Kg8 20. b4 Ne5 21. Rc1
Rfc8 22. a5 Qd8 23. h3 Bd7 24. Bf1 Be6 25. c5 Qd7 26. Kh2 f6 27. f4 Nf7 28. Rd1
Qc6 29. Bg2 Qe8 30. cxd6 Nxd6 31. Rc3 Rxc3 32. Nxc3 Nc4 33. Qe2 Rd8 34. Rxd8
Qxd8 35. e5 fxe5 36. Bxb7 Qd4 37. Na4 Bf5 38. fxe5 Bd3 39. Qf3 e6 40. Nc5 Nxe5
41. Qf8+ Kxf8 42. Nxe6+ Ke7 43. Nxd4 Kd6 44. Nb3 Nc6 45. Nc5 Nxb4 46. Nxd3 Nxd3
47. Bxa6 Nc5 48. Be2 Kc6 49. g4 Nb3 50. a6 Kb6 51. Kg3 Nd4 52. Bc4 g5 53. Kf2
Nc6 54. Ke3 Kc5 55. Bf1 Kd6 56. Ke4 h6 57. Kf5 Ne7+ 58. Kf6 1-0

[Event "LGA Premium Cup"]
[Site "schach.lga.de"]
[Date "2004.09.12"]
[Round "5"]
[White "Vogiatzis, Dimitrios"]
[Black "Weiß, Michael"]
[Result "1/2-1/2"]
[WhiteElo "2065"]
[BlackElo "1935"]
[PlyCount "33"]
[EventDate "2004.09.12"]
[SourceDate "2004.09.26"]

1. e4 e6 2. Nf3 d5 3. e5 c5 4. b4 b6 5. a3 Nd7 6. c3 f6 7. d4 fxe5 8. dxe5 Qc7
9. Bf4 Be7 10. Bd3 Nh6 11. Qc2 g5 12. Bg3 g4 13. Ng1 Bb7 14. Ne2 O-O-O 15. Nd2
Nxe5 16. bxc5 bxc5 17. Bb5 1/2-1/2

[Event "LGA Premium Cup"]
[Site "schach.lga.de"]
[Date "2004.09.12"]
[Round "5"]
[White "Luther, Helmuth"]
[Black "Trapp, Maximilian"]
[Result "1/2-1/2"]
[WhiteElo "1999"]
[BlackElo "1815"]
[PlyCount "57"]
[EventDate "2004.09.12"]
[SourceDate "2004.09.26"]

1. d4 f5 2. g3 Nf6 3. Bg2 e6 4. Nf3 d5 5. c4 c6 6. Nc3 Bd6 7. Rb1 Ne4 8. Qc2
O-O 9. O-O Nd7 10. b4 b6 11. c5 bxc5 12. dxc5 Bc7 13. Nxe4 fxe4 14. Nd4 Ne5 15.
a4 a6 16. f4 exf3 17. exf3 Bd7 18. f4 Nc4 19. b5 axb5 20. axb5 cxb5 21. f5 Be5
22. Nxb5 Bxb5 23. Rxb5 Bd4+ 24. Kh1 e5 25. c6 Nb6 26. Qb3 Rb8 27. Bxd5+ Nxd5
28. Rxb8 Qxb8 29. Qxd5+ 1/2-1/2

[Event "LGA Premium Cup"]
[Site "schach.lga.de"]
[Date "2004.09.12"]
[Round "5"]
[White "Schiller, Angel"]
[Black "Vogiatzis, Joannis"]
[Result "1-0"]
[WhiteElo "1749"]
[BlackElo "2054"]
[PlyCount "132"]
[EventDate "2004.09.12"]
[SourceDate "2004.09.26"]

1. e4 c5 2. Nf3 e6 3. d4 cxd4 4. Nxd4 a6 5. c4 Qc7 6. Be2 Nf6 7. Qc2 Nc6 8.
Nxc6 dxc6 9. O-O e5 10. c5 Be7 11. h3 O-O 12. Be3 Be6 13. Nd2 Rfd8 14. b4 a5
15. a3 axb4 16. axb4 Rxa1 17. Rxa1 h6 18. Kh2 Nh7 19. Bc4 Nf8 20. f3 Re8 21.
Ra7 Rb8 22. Qa2 Qd8 23. f4 Bf6 24. Nf3 Bxc4 25. Qxc4 Ng6 26. f5 Nf8 27. Bd2 Qc7
28. Bc3 Re8 29. g4 Kh7 30. h4 g6 31. Qa6 Re7 32. Qa1 gxf5 33. gxf5 Re8 34. Ra8
Rxa8 35. Qxa8 Kg7 36. Qe8 Qd7 37. Qxd7 Nxd7 38. Kh3 Kh7 39. Kg4 Kg7 40. Kh5 Kh7
41. Kg4 Kg7 42. Be1 Bd8 43. Nd2 b6 44. Bf2 bxc5 45. bxc5 Be7 46. Nb3 h5+ 47.
Kf3 Kf8 48. Ke2 Ke8 49. Kd3 Kd8 50. Kc4 Nf6 51. Nd2 Ng4 52. Bg3 f6 53. Nf1 Ke8
54. Be1 Kf7 55. Bd2 Bf8 56. Ng3 Nf2 57. Be3 Ng4 58. Bg1 Bh6 59. Nxh5 Be3 60.
Bxe3 Nxe3+ 61. Kb4 Ng2 62. Ka5 Nxh4 63. Kb6 Nf3 64. Kxc6 Nd2 65. Kd5 Ke7 66. c6
Nf3 1-0

[Event "LGA Premium Cup"]
[Site "schach.lga.de"]
[Date "2004.09.12"]
[Round "5"]
[White "Süß, Stefan"]
[Black "Koellner, Ulrich"]
[Result "1/2-1/2"]
[WhiteElo "2041"]
[BlackElo "1712"]
[PlyCount "48"]
[EventDate "2004.09.12"]
[SourceDate "2004.09.26"]

1. e4 c6 2. d4 d5 3. Nc3 dxe4 4. Nxe4 Nf6 5. Nxf6+ exf6 6. Nf3 Bd6 7. Be3 Be6
8. Bd3 Nd7 9. c3 Nb6 10. Qc2 h6 11. Nd2 Qc7 12. g3 Bd5 13. Be4 Bxe4 14. Nxe4
Nd5 15. O-O-O O-O-O 16. Rhe1 Rhe8 17. Nxd6+ Qxd6 18. Qd2 Re7 19. c4 Nxe3 20.
Rxe3 Rde8 21. Rde1 f5 22. Rxe7 Rxe7 23. Rxe7 Qxe7 24. Qe3 Qe6 1/2-1/2

[Event "LGA Premium Cup"]
[Site "schach.lga.de"]
[Date "2004.09.12"]
[Round "5"]
[White "Kaspar, Willi"]
[Black "Kordts, Florian"]
[Result "0-1"]
[WhiteElo "2035"]
[BlackElo "1698"]
[PlyCount "106"]
[EventDate "2004.09.12"]
[SourceDate "2004.09.26"]

1. e4 c5 2. f4 Nc6 3. Nf3 g6 4. Be2 Bg7 5. c3 d5 6. e5 e6 7. O-O Nge7 8. Na3
O-O 9. Nb5 f6 10. d4 cxd4 11. cxd4 Qb6 12. Kh1 a6 13. Nd6 Nf5 14. Nxf5 exf5 15.
b3 Bd7 16. Ba3 Rfc8 17. Bc5 Qc7 18. Bd6 Qb6 19. Qd2 Na7 20. Bc5 Qd8 21. Rfe1
Nc6 22. Rac1 Be6 23. Bd3 b6 24. exf6 Qxf6 25. Bxb6 Bd7 26. Bc5 Bf8 27. Bxf8
Qxf8 28. Ne5 Be8 29. Nxc6 Bxc6 30. Qe2 Re8 31. Qf1 Bb7 32. Rxe8 Qxe8 33. Qe2
Qd7 34. Re1 Kf8 35. Kg1 Kf7 36. Qe5 Rc8 37. g3 a5 38. a4 Bc6 39. Ba6 Ra8 40.
Bb5 Bxb5 41. axb5 Re8 42. Qxe8+ Qxe8 43. Rxe8 Kxe8 44. Kf2 Kd7 45. Ke3 Kc7 46.
Kd3 Kb6 47. Kc3 Kxb5 48. h3 a4 49. Kb2 Kb4 50. bxa4 Kxa4 51. Kc3 Ka3 52. g4 h6
53. h4 h5 0-1

[Event "LGA Premium Cup"]
[Site "schach.lga.de"]
[Date "2004.09.12"]
[Round "5"]
[White "Kretschmer, Wolfgang"]
[Black "Kirch, Daniel"]
[Result "0-1"]
[WhiteElo "1746"]
[BlackElo "2016"]
[PlyCount "114"]
[EventDate "2004.09.12"]
[SourceDate "2004.09.26"]

1. c4 g6 2. g3 Bg7 3. Nc3 d6 4. Bg2 e5 5. e3 Nd7 6. Nge2 f5 7. d3 Ngf6 8. Rb1
a5 9. a3 O-O 10. b4 axb4 11. axb4 Nh5 12. f4 exf4 13. exf4 Re8 14. O-O Nhf6 15.
h3 Nf8 16. Bb2 Nh5 17. Qd2 Ne6 18. Nd5 c6 19. Bxg7 Kxg7 20. Qb2+ Kg8 21. Ndc3
Qb6+ 22. Kh2 Nd4 23. Rfe1 Bd7 24. Nxd4 Qxd4 25. Qd2 Ra3 26. Rxe8+ Bxe8 27. Rc1
Bf7 28. b5 Bxc4 29. bxc6 bxc6 30. Bxc6 Qxd3 31. Qxd3 Bxd3 32. Bd5+ Kf8 33. Kg2
Nf6 34. Kf2 Be4 35. Bc4 d5 36. Be2 Rb3 37. Nb5 Rb4 38. Rc8+ Ke7 39. Rc7+ Nd7
40. Ke3 Rb3+ 41. Kf2 Bd3 42. Nd4 Rb2 43. Ke3 Bxe2 44. Nxe2 Rb3+ 45. Kd4 Kd6 46.
Ra7 Nb8 47. Rc7 Kxc7 48. Kxd5 Re3 49. Nd4 Rd3 50. Kc4 Rxd4+ 51. Kxd4 Kd6 52. g4
Nc6+ 53. Ke3 Kd5 54. gxf5 gxf5 55. Kf3 Ne7 56. Kg3 Ng6 57. h4 h5 0-1

[Event "LGA Premium Cup"]
[Site "schach.lga.de"]
[Date "2004.09.12"]
[Round "5"]
[White "Horstmann, Uwe"]
[Black "Reuschl, Stefan"]
[Result "1/2-1/2"]
[WhiteElo "2006"]
[BlackElo "1695"]
[PlyCount "53"]
[EventDate "2004.09.12"]
[SourceDate "2004.09.26"]

1. e4 e5 2. f4 Qh4+ 3. g3 Qe7 4. fxe5 Qxe5 5. Bg2 d5 6. d4 Qe7 7. e5 f6 8. Nf3
fxe5 9. Nxe5 Nc6 10. O-O Nxe5 11. dxe5 Be6 12. b3 Qc5+ 13. Kh1 Qb6 14. Rxf8+
Kxf8 15. Ba3+ Ne7 16. Nc3 d4 17. Ne4 Ke8 18. Bc5 Qb5 19. Qxd4 Rd8 20. Qe3 b6
21. Bxe7 Kxe7 22. Qg5+ Kd7 23. c4 Qa5 24. Qxg7+ Kc8 25. Nd6+ Kb8 26. Nb5 Bd7
27. Nxc7 1/2-1/2

[Event "LGA Premium Cup"]
[Site "schach.lga.de"]
[Date "2004.09.12"]
[Round "5"]
[White "Babichev, Vyacheslav"]
[Black "Wagner, Florian"]
[Result "0-1"]
[WhiteElo "1716"]
[BlackElo "2000"]
[PlyCount "50"]
[EventDate "2004.09.12"]
[SourceDate "2004.09.26"]

1. b4 e5 2. Bb2 Bd6 3. e3 c6 4. Bc4 Bc7 5. Bb3 d5 6. d3 Nf6 7. h3 Be6 8. Nf3
Nbd7 9. O-O h6 10. d4 e4 11. Ne5 Nxe5 12. dxe5 Nd7 13. f4 exf3 14. Qxf3 Bxe5
15. c3 Nf6 16. Nd2 g5 17. Qe2 g4 18. hxg4 Bxg4 19. Nf3 Ne4 20. Qd3 Bxf3 21.
Rxf3 Qh4 22. Rf4 Bxf4 23. exf4 Qf2+ 24. Kh2 Qxf4+ 25. Kh1 Nf2+ 0-1

[Event "LGA Premium Cup"]
[Site "schach.lga.de"]
[Date "2004.09.12"]
[Round "5"]
[White "Seyb, Alexander"]
[Black "Grasser, Stefan"]
[Result "1-0"]
[WhiteElo "1973"]
[BlackElo "1679"]
[PlyCount "59"]
[EventDate "2004.09.12"]
[SourceDate "2004.09.26"]

1. e4 c5 2. Nf3 Nc6 3. d4 cxd4 4. Nxd4 e6 5. Nc3 g6 6. Be3 Bg7 7. Ndb5 a6 8.
Nd6+ Kf8 9. Qd2 Nf6 10. Be2 Ne8 11. f4 Nxd6 12. Qxd6+ Qe7 13. O-O-O Qxd6 14.
Rxd6 Bxc3 15. bxc3 b5 16. g4 Ne7 17. Bf3 a5 18. Rhd1 Ke8 19. Bd4 Rg8 20. Bc5
Ra6 21. e5 Rxd6 22. Rxd6 h5 23. g5 Nd5 24. Bxd5 exd5 25. Rb6 b4 26. cxb4 axb4
27. h4 Kd8 28. Bd6 Re8 29. Kb2 Re6 30. Kb3 1-0

[Event "LGA Premium Cup"]
[Site "schach.lga.de"]
[Date "2004.09.12"]
[Round "5"]
[White "Stutz, Robert"]
[Black "Nägelein, Andreas"]
[Result "0-1"]
[WhiteElo "1686"]
[BlackElo "1966"]
[PlyCount "86"]
[EventDate "2004.09.12"]
[SourceDate "2004.09.26"]

1. e4 g6 2. d4 Bg7 3. Nc3 d6 4. Be3 Nc6 5. h4 Nf6 6. f3 O-O 7. Qd2 e6 8. h5
Nxh5 9. g4 Ng3 10. Rh3 Nxf1 11. Kxf1 f6 12. Qh2 Bd7 13. Rxh7 g5 14. Nge2 Be8
15. Ng3 Bg6 16. Rh3 Kf7 17. d5 exd5 18. Nxd5 Ne5 19. Kg2 c6 20. Nc3 Nc4 21. Bf2
Ne5 22. Re1 Qc7 23. Nf5 Bxf5 24. gxf5 Rh8 25. Rh1 b5 26. Qg1 a5 27. Rxh8 Rxh8
28. Rxh8 Bxh8 29. Bb6 Qb8 30. Bxa5 b4 31. Na4 Nc4 32. Bb6 c5 33. Bxc5 dxc5 34.
Qxc5 Ne5 35. Qd5+ Kg7 36. Nc5 g4 37. Ne6+ Kh7 38. f4 Nf3 39. Qd7+ Kg8 40. Kg3
Ng5 41. e5 Ne4+ 42. Kxg4 fxe5 43. Nf8 Nf6+ 0-1

[Event "LGA Premium Cup"]
[Site "schach.lga.de"]
[Date "2004.09.12"]
[Round "5"]
[White "Kirch, Florian"]
[Black "Obernöder, Thomas"]
[Result "1/2-1/2"]
[WhiteElo "1853"]
[BlackElo "1660"]
[PlyCount "66"]
[EventDate "2004.09.12"]
[SourceDate "2004.09.26"]

1. d4 Nf6 2. c4 c5 3. d5 b5 4. Nf3 g6 5. Nc3 b4 6. Nb1 d6 7. Bg5 Bg7 8. Qc2 Bf5
9. Qd1 h6 10. Be3 Ng4 11. Bf4 g5 12. Bd2 Ne5 13. Nxe5 Bxe5 14. g3 a5 15. Bg2
Qd7 16. O-O Bh3 17. f4 Bg7 18. Rf2 Bxg2 19. Kxg2 Qg4 20. fxg5 hxg5 21. Be3 Qh3+
22. Kg1 Be5 23. Rg2 Nd7 24. Bxg5 O-O-O 25. Nd2 Rdg8 26. Nf3 Rh5 27. Bh4 Qg4 28.
Qc2 Nf6 29. Nxe5 Qd4+ 30. Kh1 Qxe5 31. Bxf6 Qxf6 32. e4 Qh6 33. Rgg1 Qe3
1/2-1/2

[Event "LGA Premium Cup"]
[Site "schach.lga.de"]
[Date "2004.09.12"]
[Round "5"]
[White "Lodes, Hermann"]
[Black "Hestermann, Hans-Ludwig"]
[Result "1-0"]
[WhiteElo "2079"]
[BlackElo "1639"]
[PlyCount "47"]
[EventDate "2004.09.12"]
[SourceDate "2004.09.26"]

1. e4 e6 2. d4 d5 3. Nc3 dxe4 4. Nxe4 Nf6 5. Nxf6+ Qxf6 6. Nf3 Qd8 7. Be3 Nd7
8. Bd3 Nf6 9. c3 Be7 10. Bc2 b6 11. Ne5 O-O 12. Qf3 Ba6 13. Nc6 Qd7 14. Nxe7+
Qxe7 15. Bg5 h6 16. Bh4 Rad8 17. O-O-O Rd5 18. Rhe1 Rfd8 19. Re5 g5 20. Bg3 c6
21. h4 Rxe5 22. Bxe5 Ne8 23. hxg5 Qxg5+ 24. Bf4 1-0

[Event "LGA Premium Cup"]
[Site "schach.lga.de"]
[Date "2004.09.12"]
[Round "5"]
[White "Klein, Waldemar"]
[Black "Kretschmer, Lorenz"]
[Result "1-0"]
[WhiteElo "2010"]
[BlackElo "1626"]
[PlyCount "66"]
[EventDate "2004.09.12"]
[SourceDate "2004.09.26"]

1. c4 e5 2. g3 Nc6 3. Bg2 g6 4. Nc3 Bg7 5. e4 d6 6. d3 Nge7 7. Nge2 Be6 8. O-O
O-O 9. Nd5 Qd7 10. Be3 Nd8 11. Qb3 c6 12. Nxe7+ Qxe7 13. d4 f5 14. d5 cxd5 15.
cxd5 Bc8 16. Rac1 fxe4 17. Nc3 Nf7 18. Nxe4 Nh6 19. Qc2 Bf5 20. Bg5 Qxg5 21.
Nxg5 Bxc2 22. Rxc2 Rac8 23. Rfc1 Rxc2 24. Rxc2 Nf7 25. Ne4 Rb8 26. Rc7 Kf8 27.
Bh3 h6 28. Be6 Nd8 29. Nxd6 Nxe6 30. dxe6 e4 31. e7+ Kg8 32. e8=Q+ Rxe8 33.
Nxe8 Be5 1-0